[Event "Aarhus-chC"]
[Site "Aarhus"]
[Date "2017.02.17"]
[Round "1"]
[White "Vangsgaard, Claus"]
[Black "Harboe, Johnny"]
[Result "1-0"]
[WhiteElo "1999"]
[BlackElo "2081"]
[PlyCount "75"]
[EventDate "2017.02.17"]
[EventType "tourn"]
[EventRounds "5"]
[EventCountry "DEN"]
[SourceTitle "EXT 2019"]
[Source "ChessBase"]
[SourceDate "2018.10.10"]
[SourceVersion "1"]
[SourceVersionDate "2018.10.10"]
[SourceQuality "1"]

1. e4 c6 2. d4 d5 3. exd5 cxd5 4. c4 Nf6 5. Nc3 e6 6. Nf3 Be7 7. c5 0-0 8. b4 Ne4 9. Qc2 f5 10. Bf4 g5 11. Bxb8 Rxb8 12. Ne5 Bf6 13. Rd1 Bxe5 14. dxe5 Qc7 15. f3 Nxc3 16. Qxc3 a5 17. b5 Qg7 18. h4 g4 19. f4 Bd7 20. Rc1 Ra8 21. g3 Rfc8 22. Qd4 Qe7 23. Rh2 a4 24. Rb2 a3 25. Rb3 Ra5 26. Qb4 Rca8 27. c6 Qxb4+ 28. Rxb4 bxc6 29. bxc6 Bc8 30. c7 Kf7 31. Rb6 Ke7 32. Rd6 Bd7 33. Rb6 Bc8 34. Rb8 R5a7 35. Bb5 h5 36. Bc6 Rxc7 37. Rxa8 Bb7 38. Ra7 1-0